Finding the household : (Record no. 123049)

MARC details
000 -LEADER
fixed length control field 00767nam a22002417a 4500
005 - DATE AND TIME OF LATEST TRANSACTION
control field 20170124105919.0
010 ## - LIBRARY OF CONGRESS CONTROL NUMBER
LC control number A-585018
020 ## - INTERNATIONAL STANDARD BOOK NUMBER
International Standard Book Number 8170362881
Terms of availability 00.00
035 ## - SYSTEM CONTROL NUMBER
System control number A-585018
037 ## - SOURCE OF ACQUISITION
Source of stock number/acquisition Cen Lib/Ret
040 ## - CATALOGING SOURCE
Original cataloging agency DPL
Language of cataloging EN
082 ## - DEWEY DECIMAL CLASSIFICATION NUMBER
Classification number 306.85
Item number FIN
245 ## - TITLE STATEMENT
Title Finding the household :
Statement of responsibility, etc edited by K. Saradamoni
Remainder of title conceptual and methodological issues /
260 ## - PUBLICATION, DISTRIBUTION, ETC. (IMPRINT)
Place of publication, distribution, etc New Delhi
Name of publisher, distributor, etc Sage Publications
Date of publication, distribution, etc 1992
270 ## - ADDRESS
Address M-32 Greater Kailash-I
City New Delhi
Postal code 110048
300 ## - PHYSICAL DESCRIPTION
Extent 251p.
Dimensions 22cm(Hb)
490 ## - SERIES STATEMENT
Series statement Women and household in Asia-vol
Volume number/sequential designation 5
500 ## - GENERAL NOTE
General note Includes index
650 ## - SUBJECT ADDED ENTRY--TOPICAL TERM
Topical term or geographic name as entry element Sociological Perspectives
9 (RLIN) 72147
650 ## - SUBJECT ADDED ENTRY--TOPICAL TERM
Topical term or geographic name as entry element Women and Household
9 (RLIN) 72148
700 ## - ADDED ENTRY--PERSONAL NAME
Personal name Saradamoni, K.
9 (RLIN) 3873
942 ## - ADDED ENTRY ELEMENTS (KOHA)
Source of classification or shelving scheme Dewey Decimal Classification
Koha item type English Books
Classification part 306.85
Call number suffix FIN
Holdings
Withdrawn status Lost status Damaged status Not for loan Home library Current library Date acquired Source of acquisition Cost, normal purchase price Total Checkouts Full call number Barcode Date last seen Copy number Cost, replacement price Price effective from Koha item type Public note
Written off       Central Library Central Library 02/06/2015 Cen Lib/Ret 0.00   306.85 FIN A-585018 02/06/2015 1 0.00 15/09/2016 English Books W/d list no. 6812/11

© Delhi Public Library
Hit Counter
free hit counter